000 01117nam a2200289 a 4500
005 20161128145330.0
008 161128s2008 fr ab||| |||| 00| 0 fre d
040 _aCO-BoIAVH
_cCO-BoIAVH
041 0 _afre
044 _asz
_afr
090 _aFG-
_b0101
245 0 0 _aL'Hermance
250 _aSegunda edición
260 _a[Ginebra?], Suiza ;
_a[Perrignier], Francia :
_bEtat de Genève, Departament du territoire (DT) :
_bSyndicat mixte des affluents du sud-ouest lémanique,
_c2008.
300 _a51 páginas :
_bilustraciones a color y mapas ;
_c10 x 15 cm.
490 0 _aFiche-rivière ;
_vn° 4
500 _aIncluye glosario.
650 2 6 _aCursos de agua
_xHidrología
650 2 6 _aCursos de agua
_xHistoria
650 2 6 _aCursos de agua
_xConservación de la naturaleza
650 2 6 _aTurismo rural
651 4 _aFrancia
_zHermance (río)
651 4 _aSuiza
_zHermance (río)
710 1 _aSuiza
_bEtat de Genève
_bDepartament du territoire (DT)
710 2 _aSyndicat mixte des affluents du sud-ouest lémanique
942 _2z
_cFolleto
999 _c19152
_d19152